<?xml version="1.0" encoding="UTF-8"?><?xml-stylesheet type="text/xsl" href="static/style.xsl"?><OAI-PMH xmlns="http://www.openarchives.org/OAI/2.0/" xmlns:xsi="http://www.w3.org/2001/XMLSchema-instance" xsi:schemaLocation="http://www.openarchives.org/OAI/2.0/ http://www.openarchives.org/OAI/2.0/OAI-PMH.xsd"><responseDate>2026-06-05T16:25:21Z</responseDate><request verb="GetRecord" identifier="oai:riuma.uma.es:10630/30476" metadataPrefix="marc">https://riuma.uma.es/rest/oai/request</request><GetRecord><record><header><identifier>oai:riuma.uma.es:10630/30476</identifier><datestamp>2026-02-03T11:33:36Z</datestamp><setSpec>com_10630_2254</setSpec><setSpec>col_10630_37953</setSpec></header><metadata><record xmlns="http://www.loc.gov/MARC21/slim" xmlns:dcterms="http://purl.org/dc/terms/" xmlns:doc="http://www.lyncode.com/xoai" xmlns:xsi="http://www.w3.org/2001/XMLSchema-instance" xsi:schemaLocation="http://www.loc.gov/MARC21/slim http://www.loc.gov/standards/marcxml/schema/MARC21slim.xsd">
   <leader>00925njm 22002777a 4500</leader>
   <datafield ind2=" " ind1=" " tag="042">
      <subfield code="a">dc</subfield>
   </datafield>
   <datafield ind2=" " ind1=" " tag="720">
      <subfield code="a">Ortega-Aguaza, Bienvenido</subfield>
      <subfield code="e">author</subfield>
   </datafield>
   <datafield ind2=" " ind1=" " tag="720">
      <subfield code="a">Sanjuán-Solís, Jesús Carlos</subfield>
      <subfield code="e">author</subfield>
   </datafield>
   <datafield ind2=" " ind1=" " tag="260">
      <subfield code="c">2023-03-17</subfield>
   </datafield>
   <datafield ind2=" " ind1=" " tag="520">
      <subfield code="a">Purpose&#xd;
This paper aims to analyse empirically the association between flows of foreign direct investment (FDI), net official development assistance (ODA) inflows and trade-related illicit financial outflows.&#xd;
Design/methodology/approach&#xd;
With this purpose, a linear model was estimated, using different panel-data estimators, and using a database for a sample of 49 countries spanning the period 2008–2017. The used measure of illicit financial outflows was based on the estimates by Global Financial Integrity of deliberate misinvoicing in merchandise trade.&#xd;
Findings&#xd;
Research findings show a significant and positive association between changes in both relative lagged net FDI flows and relative FDI outflows (as % of gross domestic product) and changes in the ratio of trade-related illicit capital outflows to total trade. However, these positive associations were only observed in the case of low-income countries. Also, the positive association of net ODA inflows on the IFFT outflows were restricted to the cluster of lower-middle-income countries.&#xd;
Originality/value&#xd;
To the best of the authors’ knowledge, this is one of the first studies to empirically estimate the association between FDI and ODA flows and trade misinvoicing at a macroeconomic level. Research findings may contribute to substantiate the concerns expressed in previous research about the potential unintended effects of aid on illicit capital flight in the case of lower-middle-income countries. They also shown that FDI flows could be an additional conduit for trade-related illicit financial flows in these countries</subfield>
   </datafield>
   <datafield ind1="8" ind2=" " tag="024">
      <subfield code="a">Ortega, B. and Sanjuán, J. (2023), "Relationships between foreign direct investment and official development assistance with trade-related illicit financial flows. Evidence from low- and middle-income countries", Journal of Money Laundering Control, Vol. 26 No. 7, pp. 197-212. https://doi.org/10.1108/JMLC-12-2022-0173</subfield>
   </datafield>
   <datafield ind1="8" ind2=" " tag="024">
      <subfield code="a">https://hdl.handle.net/10630/30476</subfield>
   </datafield>
   <datafield ind1="8" ind2=" " tag="024">
      <subfield code="a">10.1108/JMLC-12-2022-0173</subfield>
   </datafield>
   <datafield tag="653" ind2=" " ind1=" ">
      <subfield code="a">Inversiones extranjeras</subfield>
   </datafield>
   <datafield tag="653" ind2=" " ind1=" ">
      <subfield code="a">Comercio de mercancias</subfield>
   </datafield>
   <datafield ind2="0" ind1="0" tag="245">
      <subfield code="a">Relationships between foreign direct investment and official development assistance with trade-related illicit financial flows. Evidence from low- and middle-income countries</subfield>
   </datafield>
</record>
</metadata></record></GetRecord></OAI-PMH>